| 000 | 00844nam a2200253 i 4500 | ||
|---|---|---|---|
| 003 | MX-MxUPN | ||
| 005 | 20260107111622.0 | ||
| 008 | 251024s2023 mx||||||r|||| 000 0 spa d | ||
| 020 | _a9786074108156 | ||
| 040 |
_aMX-MxUPN _bspa _cMX-MxUPN |
||
| 041 | 0 | _aspa | |
| 050 | 1 | 4 |
_aQ180.55 M4 _bL67 2023 |
| 100 | 1 |
_aLópez Vazquez, Viviana Yamilet _947863 |
|
| 100 | 1 |
_aRamírez Carbajal, Juan _929904 |
|
| 100 | 1 |
_aRamírez Carbajal, Miguel _947861 |
|
| 245 | 1 | 3 |
_aEl protocolo de investigación social : _bguía para universitarios |
| 250 | _aPrimera edición. | ||
| 260 |
_aNaucalpan, Estado de México : _bInnovación Editorial Lagares, _c2023 |
||
| 300 | _a103 páginas | ||
| 650 | 4 |
_aInvestigación _xMetodología _95209 |
|
| 902 |
_aMarisolLicea/24102025 _bVíctor Ruiz/070126 |
||
| 942 |
_2lcc _cLIBRO _n0 |
||
| 999 |
_c214400 _d214400 |
||